[Event "2BLO 2324 SC Bavaria Regensburg 1881 - S"]
[Site "?"]
[Date "2024.02.24"]
[Round "7.2"]
[White "Kaczur, Florian"]
[Black "Haba, Petr"]
[Result "1/2-1/2"]
[WhiteElo "2506"]
[BlackElo "2436"]
[PlyCount "119"]
[EventDate "2024.??.??"]

1. e4 e6 2. d4 d5 3. Nc3 Bb4 4. Nge2 dxe4 5. a3 Bxc3+ 6. Nxc3 Nc6 7. Bf4 Nf6 8. Bb5 Nd5 9. Bxc6+ bxc6 10. Qd2 Nxf4 11. Qxf4 Qxd4 12. Qxc7 Qb6 13. Qxb6 axb6 14. O-O-O Ke7 15. Nxe4 Rd8 16. Rxd8 Kxd8 17. Nd6 Ke7 18. Nc4 b5 19. Ne5 c5 20. Rd1 Ra6 21. c4 bxc4 22. Kc2 f6 23. Nxc4 Bb7 24. Kc3 Bd5 25. Ne3 Kd6 26. b3 Kc6 27. Ra1 Rb6 28. b4 Rb8 29. f3 Ra8 30. Nc2 Ra4 31. Rc1 cxb4+ 32. axb4 e5 33. Ra1 Rxa1 34. Nxa1 g5 35. Nc2 h5 36. Ne3 Be6 37. Nd1 Kd5 38. g3 Bd7 39. Kd3 Bb5+ 40. Kd2 Kc4 41. Ne3+ Kxb4 42. Nd5+ Kc5 43. Nxf6 Kd4 44. Nxh5 e4 45. fxe4 Kxe4 46. Nf6+ Kf3 47. Ke1 Ba6 48. Nh7 Kg2 49. Nxg5 Kxh2 50. Kf2 Bc8 51. Kf3 Bd7 52. Kf4 Bc8 53. Ne4 Kg2 54. Nf6 Kh3 55. Nd5 Be6 56. Nc3 Bc8 57. Ne4 Kg2 58. Nd6 Bd7 59. g4 Bxg4 60. Kxg4 1/2-1/2

[Event "2BLO 2324 SC Bavaria Regensburg 1881 - S"]
[Site "?"]
[Date "2024.02.24"]
[Round "7.3"]
[White "Hess, Max"]
[Black "Pezelj, Novak"]
[Result "1/2-1/2"]
[WhiteElo "2390"]
[BlackElo "2482"]
[PlyCount "98"]
[EventDate "2024.??.??"]

1. Nf3 Nf6 2. c4 e6 3. g3 d5 4. Bg2 c6 5. O-O dxc4 6. a4 Na6 7. Na3 Bxa3 8. bxa3 Nc5 9. Qc2 Qa5 10. Qxc4 Nxa4 11. d4 Nb6 12. Qd3 Qf5 13. Qb3 O-O 14. a4 Qd5 15. Qb1 Qe4 16. Ba3 Qxb1 17. Rfxb1 Rd8 18. a5 Nc4 19. Be7 Rd7 20. Bc5 Nd5 21. Rc1 Nd6 22. Ne5 Rd8 23. a6 f6 24. axb7 Bxb7 25. Nd3 Nb5 26. e3 Ndc3 27. Bf1 Nd5 28. Ra5 Kf7 29. Rca1 a6 30. Ba3 Nxa3 31. R5xa3 Rdb8 32. Nc5 Nc7 33. Bg2 Nd5 34. Bf1 Nc7 35. Bg2 Nd5 36. Nxa6 Bxa6 37. Rxa6 Rxa6 38. Rxa6 Rb1+ 39. Bf1 Rc1 40. Kg2 f5 41. Be2 Rc2 42. Kf1 Rc1+ 43. Kg2 Rc2 44. Kf1 Kf6 45. Bf3 Nb4 46. Ra3 Rc1+ 47. Ke2 e5 48. Rb3 Rc4 49. Kd1 exd4 1/2-1/2

[Event "2BLO 2324 SC Bavaria Regensburg 1881 - S"]
[Site "?"]
[Date "2024.02.24"]
[Round "7.4"]
[White "Schneider, Jana"]
[Black "Koepke, Christian"]
[Result "0-1"]
[WhiteElo "2320"]
[BlackElo "2303"]
[PlyCount "44"]
[EventDate "2024.??.??"]

1. e4 c5 2. Nf3 d6 3. d4 cxd4 4. Nxd4 Nf6 5. Nc3 g6 6. Be3 Bg7 7. f3 O-O 8. Qd2 Nc6 9. O-O-O d5 10. exd5 Nxd5 11. Nxc6 bxc6 12. Ne4 Rb8 13. Bd4 Bxd4 14. Qxd4 Qc7 15. h4 Bf5 16. Bc4 Rfd8 17. Ng5 c5 18. Qd2 Qe5 19. c3 Nxc3 20. Nxf7 Ne2+ 21. Qxe2 Qc3+ 22. bxc3 Rb1# 0-1

[Event "2BLO 2324 SC Bavaria Regensburg 1881 - S"]
[Site "?"]
[Date "2024.02.24"]
[Round "7.5"]
[White "Schlichtmann, Robin"]
[Black "Goldbeck, Lars"]
[Result "0-1"]
[WhiteElo "2279"]
[BlackElo "2301"]
[PlyCount "102"]
[EventDate "2024.??.??"]

1. e4 c6 2. d4 d5 3. e5 Bf5 4. Nf3 e6 5. Be2 Nd7 6. O-O a5 7. a4 f6 8. c4 fxe5 9. dxe5 Bc5 10. Nbd2 Ne7 11. Nb3 Ba7 12. Nbd4 O-O 13. Bd3 Nxe5 14. Nxe5 Bxd4 15. Nf3 Bb6 16. Re1 dxc4 17. Bxf5 Nxf5 18. Qe2 Qd3 19. Qxe6+ Kh8 20. Ne5 Qd5 21. Qxd5 cxd5 22. Nd7 Rfe8 23. Bg5 Bd4 24. g4 h6 25. gxf5 hxg5 26. Rxe8+ Rxe8 27. Rd1 Rd8 28. Rxd4 Rxd7 29. Kg2 Kg8 30. Kg3 Kf7 31. Kg4 Kf6 32. f4 gxf4 33. Kxf4 Rd8 34. h3 Rd7 35. h4 Rd8 36. h5 Rd6 37. Rd1 d4 38. h6 gxh6 39. Rh1 Kf7 40. Ke5 Rd8 41. Rxh6 d3 42. Rh7+ Kg8 43. Rh1 d2 44. Rd1 Kf7 45. f6 b5 46. axb5 a4 47. b6 a3 48. bxa3 c3 49. b7 Rb8 50. Rh1 Rxb7 51. Rh7+ Kg6 0-1

[Event "2BLO 2324 SC Bavaria Regensburg 1881 - S"]
[Site "?"]
[Date "2024.02.24"]
[Round "7.6"]
[White "Kleibel, Uwe"]
[Black "Renner, Christoph"]
[Result "1/2-1/2"]
[WhiteElo "2302"]
[BlackElo "2294"]
[PlyCount "51"]
[EventDate "2024.??.??"]

1. d4 f5 2. Bf4 Nf6 3. e3 d6 4. Nf3 g6 5. h3 Bg7 6. Be2 O-O 7. O-O Qe8 8. c4 Nc6 9. Bh2 Ne4 10. Nfd2 Nxd2 11. Qxd2 e5 12. dxe5 dxe5 13. Nc3 Be6 14. Rfd1 Qf7 15. Nd5 Rad8 16. Rac1 f4 17. Qe1 Bh6 18. Bf1 Bxd5 19. Rxd5 Kh8 20. Rcd1 Rde8 21. Rd7 Re7 22. Rxe7 Qxe7 23. exf4 Bxf4 24. Bxf4 Rxf4 25. Rd5 Rd4 26. Rxd4 1/2-1/2

[Event "2BLO 2324 SC Bavaria Regensburg 1881 - S"]
[Site "?"]
[Date "2024.02.24"]
[Round "7.7"]
[White "Rusche, Johannes"]
[Black "Lerch, Johannes"]
[Result "1-0"]
[WhiteElo "2302"]
[BlackElo "2264"]
[PlyCount "123"]
[EventDate "2024.??.??"]

1. e4 e5 2. Nf3 Nc6 3. Bb5 a6 4. Ba4 Nf6 5. O-O d6 6. c3 Bd7 7. Re1 Ne7 8. Bb3 h6 9. d4 Ng6 10. Nbd2 b5 11. Nf1 Be7 12. h4 O-O 13. h5 Nxh5 14. Nxe5 dxe5 15. Qxh5 Kh7 16. dxe5 Qc8 17. Nh2 a5 18. Be3 a4 19. Bd1 b4 20. c4 Ra5 21. Ng4 Qa6 22. Rc1 Bxg4 23. Bxg4 Nxe5 24. Be2 Qa8 25. Qf5+ Kg8 26. c5 Nc6 27. e5 g6 28. Qe4 Nd8 29. Qxa8 Rxa8 30. Bxh6 Re8 31. Bd2 b3 32. a3 Ne6 33. Bf3 Red8 34. Bb4 Ra7 35. Red1 Rxd1+ 36. Bxd1 c6 37. g3 Rd7 38. Bg4 Rd5 39. Bf3 Rxe5 40. Rc4 Nxc5 41. Bxc6 Nd3 42. Bc3 Rc5 43. Rxc5 Nxc5 44. Kf1 Bd8 45. Ke2 Bb6 46. Bf6 Kh7 47. f3 Bc7 48. Bd4 Ne6 49. Bf6 Bxg3 50. Bxa4 Nc5 51. Be8 Kg8 52. Ke3 Kf8 53. Bc6 Bd6 54. Kd4 Ne6+ 55. Kc4 Be7 56. Bc3 f5 57. a4 Nc7 58. a5 g5 59. Bd7 g4 60. fxg4 f4 61. Bc6 Kf7 62. Be5 1-0

[Event "2BLO 2324 SC Bavaria Regensburg 1881 - S"]
[Site "?"]
[Date "2024.02.24"]
[Round "7.8"]
[White "Oberhofer, Cedric"]
[Black "Werner, Denis"]
[Result "0-1"]
[WhiteElo "2282"]
[BlackElo "2241"]
[PlyCount "102"]
[EventDate "2024.??.??"]

1. c4 c6 2. g3 d5 3. Nf3 Nf6 4. Bg2 g6 5. Qa4 Nbd7 6. cxd5 cxd5 7. O-O Bg7 8. Nc3 O-O 9. d4 Nb6 10. Qb3 Ne4 11. a4 Be6 12. Bf4 h6 13. Nb5 Nc4 14. Nc7 g5 15. Nxe6 fxe6 16. Bc1 Qb6 17. Qxb6 axb6 18. h4 g4 19. Ne5 Nxe5 20. dxe5 Nc5 21. Bf4 Nxa4 22. Rfc1 Nxb2 23. Rxa8 Rxa8 24. Rc7 Kf7 25. Rxb7 Nc4 26. Bf1 Ra1 27. Kg2 Rb1 28. f3 gxf3+ 29. exf3 Nxe5 30. Bxe5 Bxe5 31. f4 Bd4 32. g4 Rb2+ 33. Kg3 Bf2+ 34. Kh3 Rb3+ 35. Kg2 Bxh4 36. Be2 Bg3 37. g5 Bxf4 38. Bh5+ Kf8 39. gxh6 Bxh6 40. Rb8+ Kg7 41. Re8 Kf6 42. Rg8 Bg5 43. Bf3 Kf5 44. Rf8+ Bf6 45. Rg8 Rb2+ 46. Kf1 Kf4 47. Be2 Rb1+ 48. Kg2 e5 49. Rd8 Rb2 50. Kf1 Ke3 51. Bh5 d4 0-1

[Event "2BLO 2324 Erfurter SK - FC Bayern Münch"]
[Site "?"]
[Date "2024.02.25"]
[Round "8.1"]
[White "Girel, Joseph"]
[Black "Romanov, Evgeny"]
[Result "1/2-1/2"]
[WhiteElo "2484"]
[BlackElo "2593"]
[PlyCount "91"]
[EventDate "2024.??.??"]

1. d4 Nf6 2. c4 e6 3. Nf3 b6 4. g3 Bb7 5. Bg2 Bb4+ 6. Bd2 a5 7. O-O O-O 8. Bg5 Be7 9. Qc2 Be4 10. Qc1 h6 11. Bxf6 Bxf6 12. Nc3 Bh7 13. e4 Nc6 14. Rd1 a4 15. e5 Be7 16. d5 Nb4 17. Ne1 Ra5 18. a3 Na6 19. Be4 Bxe4 20. Nxe4 exd5 21. cxd5 Nc5 22. Qc4 d6 23. Nf3 Qd7 24. Nc3 Nb3 25. Rab1 Qf5 26. Qd3 Qxd3 27. Rxd3 Nc5 28. Re3 Nd7 29. e6 fxe6 30. dxe6 Nb8 31. Rd1 c6 32. Ne2 Rc5 33. Nfd4 g6 34. Rdd3 Kg7 35. Rf3 Re5 36. Rxf8 Bxf8 37. Nf4 Be7 38. h4 g5 39. hxg5 hxg5 40. Nh5+ Kg6 41. g4 d5 42. Kg2 Bc5 43. Rf3 Bxd4 44. Rf6+ Kh7 45. Rf7+ Kg6 46. Rf6+ 1/2-1/2

[Event "2BLO 2324 Erfurter SK - FC Bayern Münch"]
[Site "?"]
[Date "2024.02.25"]
[Round "8.2"]
[White "Votava, Jan"]
[Black "Soderstrom, Adrian"]
[Result "1-0"]
[WhiteElo "2437"]
[BlackElo "2307"]
[PlyCount "107"]
[EventDate "2024.??.??"]

1. d4 Nf6 2. c4 e6 3. Nf3 d5 4. g3 Be7 5. Bg2 O-O 6. O-O dxc4 7. Qc2 c6 8. Qxc4 b5 9. Qc2 Bb7 10. Bg5 Nbd7 11. Nbd2 Qb6 12. Nb3 Rfc8 13. Ne5 Qd8 14. Rfc1 Nxe5 15. dxe5 Nd7 16. Bxe7 Qxe7 17. f4 Qd8 18. Kf1 Qb6 19. Nc5 Nxc5 20. Qxc5 Qxc5 21. Rxc5 Rc7 22. a4 a6 23. Kf2 Kf8 24. g4 Rd8 25. Ke3 Rb8 26. a5 Ke7 27. h4 Rd8 28. Rac1 Rdc8 29. Bf3 Kf8 30. Bh1 Ke7 31. Bg2 Kf8 32. Be4 Rd8 33. b4 Rdc8 34. Bh1 Ke7 35. Bg2 Kf8 36. Bf3 Ke7 37. Be4 Kf8 38. Bg2 Ke7 39. Bf3 Kf8 40. R5c2 Ke7 41. h5 Ba8 42. h6 g6 43. Be4 Bb7 44. Bf3 Ba8 45. Rd2 Bb7 46. Rd6 Rd8 47. Rxd8 Kxd8 48. Rc3 Ke7 49. Kd4 Rd7+ 50. Kc5 Kd8 51. Rd3 Rxd3 52. exd3 Kc7 53. Be4 Ba8 54. f5 1-0

[Event "2BLO 2324 Erfurter SK - FC Bayern Münch"]
[Site "?"]
[Date "2024.02.25"]
[Round "8.3"]
[White "Fedorovsky, Michael"]
[Black "Enders, Peter"]
[Result "1-0"]
[WhiteElo "2410"]
[BlackElo "2389"]
[PlyCount "79"]
[EventDate "2024.??.??"]

1. d4 Nf6 2. c4 g6 3. Nc3 Bg7 4. e4 d6 5. Nf3 O-O 6. Be2 Nbd7 7. O-O e5 8. Be3 Re8 9. d5 Nh5 10. g3 Bf8 11. Ne1 Ng7 12. Nd3 f5 13. Qd2 Nf6 14. f3 Be7 15. Nf2 Rf8 16. Bh6 Kh8 17. Kh1 Ng8 18. Be3 Nh5 19. exf5 gxf5 20. f4 Ng7 21. Rae1 Bf6 22. fxe5 dxe5 23. c5 Bd7 24. b4 Ne7 25. b5 Ng6 26. c6 bxc6 27. dxc6 Be6 28. Qxd8 Bxd8 29. Nd3 Be7 30. Nc5 Bg8 31. Rd1 Rfc8 32. Nd5 Bd6 33. a4 f4 34. Bc1 Ne6 35. Ne4 Nd4 36. Bc4 Bf8 37. gxf4 Bg7 38. f5 Rd8 39. Ne3 Bxc4 40. Nxc4 1-0

[Event "2BLO 2324 Erfurter SK - FC Bayern Münch"]
[Site "?"]
[Date "2024.02.25"]
[Round "8.4"]
[White "Voekler, Bernd"]
[Black "Zajogin, Alexander"]
[Result "1/2-1/2"]
[WhiteElo "2322"]
[BlackElo "2367"]
[PlyCount "32"]
[EventDate "2024.??.??"]

1. e4 e5 2. Nf3 Nc6 3. Bb5 Nf6 4. O-O Nxe4 5. Re1 Nd6 6. Nxe5 Be7 7. Bf1 Nf5 8. c3 Nxe5 9. Rxe5 d6 10. Re1 O-O 11. d4 d5 12. Bf4 c5 13. dxc5 Bxc5 14. b4 Bb6 15. Nd2 a5 16. a3 axb4 1/2-1/2

[Event "2BLO 2324 Erfurter SK - FC Bayern Münch"]
[Site "?"]
[Date "2024.02.25"]
[Round "8.5"]
[White "Schenk, Andreas"]
[Black "Casper, Thomas"]
[Result "1-0"]
[WhiteElo "2408"]
[BlackElo "2352"]
[PlyCount "52"]
[EventDate "2024.??.??"]

1. d4 Nf6 2. c4 d6 3. Nf3 Nbd7 4. Nc3 e5 5. e4 g6 6. Be2 Bg7 7. O-O O-O 8. Qc2 c6 9. d5 c5 10. Bg5 h6 11. Bd2 Ne8 12. g3 Ndf6 13. Nh4 Nh7 14. Kh1 Bh3 15. Rfe1 Qf6 16. f3 Qd8 17. Nd1 Bd7 18. Nf2 h5 19. Qb1 Nhf6 20. Ng2 Kh7 21. Bc3 Bh6 22. a3 b6 23. b4 Rc8 24. f4 exf4 25. gxf4 Ng4 26. Nxg4 hxg4 1-0

[Event "2BLO 2324 Erfurter SK - FC Bayern Münch"]
[Site "?"]
[Date "2024.02.25"]
[Round "8.6"]
[White "Brueggemann, Joachim"]
[Black "Grafl, Florian"]
[Result "0-1"]
[WhiteElo "2277"]
[BlackElo "2345"]
[PlyCount "64"]
[EventDate "2024.??.??"]

1. e4 b6 2. d4 Bb7 3. Bd3 e6 4. Qe2 d5 5. Nf3 Nf6 6. exd5 Qxd5 7. c4 Qh5 8. d5 Bd6 9. Nc3 O-O 10. dxe6 fxe6 11. Ne4 Nbd7 12. Nfd2 Qg6 13. Nxf6+ Qxf6 14. Be4 Bxe4 15. Nxe4 Bb4+ 16. Kf1 Qg6 17. g3 Nc5 18. Ng5 Nd3 19. Be3 h6 20. Rd1 Rad8 21. Nh3 Qe4 22. Rg1 Nxb2 23. Rxd8 Rxd8 24. Qxb2 Qxc4+ 25. Kg2 Qe4+ 26. Kf1 Qf3 27. Qxb4 Rd1+ 28. Qe1 g5 29. Qxd1 Qxd1+ 30. Kg2 Qd5+ 31. Kf1 e5 32. g4 Qd1+ 0-1

[Event "2BLO 2324 Erfurter SK - FC Bayern Münch"]
[Site "?"]
[Date "2024.02.25"]
[Round "8.7"]
[White "Unzicker, Ferdinand"]
[Black "Apel, Linus"]
[Result "1-0"]
[WhiteElo "2281"]
[BlackElo "1522"]
[PlyCount "131"]
[EventDate "2024.??.??"]

1. c4 Nf6 2. Nc3 e6 3. Nf3 d5 4. d4 Bb4 5. e3 O-O 6. Bd3 b6 7. a3 Bxc3+ 8. bxc3 dxc4 9. Bxc4 Bb7 10. O-O Nbd7 11. Bb2 Rc8 12. Bd3 c5 13. Qe2 Ne4 14. Rac1 Qe7 15. c4 Rfd8 16. Rfd1 Nf8 17. Ne1 Ng6 18. f3 Nf6 19. Qf2 cxd4 20. exd4 Nf4 21. Bf1 N6h5 22. Nd3 Qg5 23. Nxf4 Nxf4 24. Qg3 Qxg3 25. hxg3 Ng6 26. Kf2 f6 27. Ke3 h5 28. Bd3 Kf7 29. Rh1 Rh8 30. a4 Ne7 31. Rc2 Nc6 32. Bc3 Rcd8 33. Be2 Ne7 34. Bd3 Nc6 35. Rd2 Ne7 36. a5 b5 37. Rb2 a6 38. cxb5 axb5 39. Bxb5 Nf5+ 40. Kf2 Nxd4 41. Be8+ Rhxe8 42. Rxb7+ Re7 43. Rxe7+ Kxe7 44. Rxh5 Nc6 45. Ke2 e5 46. Rh1 Ra8 47. Rb1 Ra7 48. Rb5 Nd8 49. Kd3 Nb7 50. Bb4+ Kd7 51. Kc4 Ke6 52. g4 Nxa5+ 53. Rxa5 Rd7 54. Ra6+ Kf7 55. Rd6 Rc7+ 56. Bc5 Rb7 57. Rd2 Ke6 58. Kd3 g6 59. Ke2 Rc7 60. Rd6+ Kf7 61. Be3 Rc2+ 62. Rd2 Rc7 63. Ra2 Rc6 64. Ra7+ Kg8 65. Kd3 Rd6+ 66. Ke4 1-0

[Event "2BLO 2324 Erfurter SK - FC Bayern Münch"]
[Site "?"]
[Date "2024.02.25"]
[Round "8.8"]
[White "Belin, Anton"]
[Black "Hoeglauer, Patrick"]
[Result "0-1"]
[WhiteElo "1845"]
[BlackElo "2264"]
[PlyCount "56"]
[EventDate "2024.??.??"]

1. e4 c5 2. Nc3 e6 3. Nf3 a6 4. a4 Nc6 5. Bc4 Nf6 6. e5 Ng4 7. Qe2 Qc7 8. O-O Ngxe5 9. Re1 Nxf3+ 10. Qxf3 Be7 11. d3 O-O 12. Bf4 Qb6 13. Qg4 Qxb2 14. Bd2 f5 15. Qg3 Qb6 16. Bf4 Qd8 17. Rad1 Bf6 18. Nb1 d5 19. Ba2 e5 20. Bc1 Nd4 21. f4 exf4 22. Bxf4 Nxc2 23. Rf1 Be6 24. Bd2 b5 25. Nc3 Qd7 26. Rf3 Nd4 27. Rf2 b4 28. Ne2 Qxa4 0-1

[Event "2BLO 2324 Nickelhütte Aue - SK München"]
[Site "?"]
[Date "2024.02.25"]
[Round "8.1"]
[White "Marcelin, Cyril"]
[Black "Antal, Gergely"]
[Result "0-1"]
[WhiteElo "2450"]
[BlackElo "2585"]
[PlyCount "108"]
[EventDate "2024.??.??"]

1. d4 d5 2. Nf3 Nf6 3. c3 e6 4. Bf4 Bd6 5. e3 c5 6. Bb5+ Nc6 7. Bxc6+ bxc6 8. Bxd6 Qxd6 9. Qa4 O-O 10. O-O cxd4 11. cxd4 c5 12. Rc1 cxd4 13. Qxd4 Bd7 14. Nbd2 Rfb8 15. Rc5 a5 16. Rac1 Be8 17. Ne5 Qb6 18. R1c2 a4 19. f3 h6 20. Kf2 Qa6 21. Nc6 Bxc6 22. Rxc6 Qa5 23. Qc5 Qd8 24. Qd6 Qxd6 25. Rxd6 Kf8 26. Rdc6 Rb7 27. Rc8+ Rxc8 28. Rxc8+ Ke7 29. Rc2 Nd7 30. Ke2 Kd6 31. Nb1 Rb4 32. Na3 Ne5 33. Kd2 g5 34. h3 f5 35. Kc3 Rb8 36. b3 axb3 37. axb3 f4 38. e4 Rc8+ 39. Kd2 Rxc2+ 40. Nxc2 dxe4 41. fxe4 h5 42. b4 g4 43. hxg4 hxg4 44. Ke2 Nc4 45. g3 f3+ 46. Kf2 e5 47. Ne1 Nb2 48. Nxf3 gxf3 49. Kxf3 Nd3 50. b5 Kc5 51. Ke3 Nb4 52. g4 Kxb5 53. g5 Nc6 54. Kf3 Ne7 0-1

[Event "2BLO 2324 Nickelhütte Aue - SK München"]
[Site "?"]
[Date "2024.02.25"]
[Round "8.2"]
[White "Slobodjan, Roman"]
[Black "Kosic, Dragan"]
[Result "1/2-1/2"]
[WhiteElo "2449"]
[BlackElo "2375"]
[PlyCount "71"]
[EventDate "2024.??.??"]

1. e4 e6 2. d4 d5 3. Nc3 a6 4. Nf3 Nf6 5. exd5 exd5 6. Bg5 Be7 7. Bd3 Bg4 8. h3 Bh5 9. O-O Nbd7 10. Re1 O-O 11. Bf5 Nb6 12. Qd3 Bg6 13. Ne5 c6 14. Re2 Bxf5 15. Qxf5 Qc8 16. Qf3 Bd8 17. Rae1 Nbd7 18. Bf4 Nxe5 19. Bxe5 Qd7 20. Qg3 b5 21. Nb1 a5 22. Nd2 a4 23. Nf3 g6 24. Bxf6 Bxf6 25. Ne5 Bxe5 26. Rxe5 Rae8 27. Qe3 Rxe5 28. Qxe5 f5 29. Kh2 f4 30. a3 Qf7 31. c3 Qf6 32. Qe6+ Kg7 33. Kg1 Qxe6 34. Rxe6 Rf6 35. Re7+ Rf7 36. Re6 1/2-1/2

[Event "2BLO 2324 Nickelhütte Aue - SK München"]
[Site "?"]
[Date "2024.02.25"]
[Round "8.3"]
[White "Hoefelsauer, Thomas"]
[Black "Berczes, David"]
[Result "0-1"]
[WhiteElo "2331"]
[BlackElo "2425"]
[PlyCount "78"]
[EventDate "2024.??.??"]

1. d4 Nf6 2. Nf3 d5 3. c3 c5 4. dxc5 e6 5. b4 a5 6. e3 axb4 7. cxb4 b6 8. Bb5+ Bd7 9. Bxd7+ Nbxd7 10. a4 bxc5 11. b5 Bd6 12. Bb2 Qc7 13. O-O e5 14. e4 d4 15. Qe2 c4 16. Rc1 c3 17. Nxc3 dxc3 18. Bxc3 Qb7 19. Nd2 O-O 20. a5 Rfc8 21. f3 Rc5 22. Qd3 Qxb5 23. Qxb5 Rxb5 24. Nc4 Bc7 25. a6 Rc5 26. Bb4 Rc6 27. a7 Nb6 28. Na5 Rxc1+ 29. Rxc1 Rxa7 30. Nc6 Ra4 31. Ne7+ Kh8 32. Rxc7 Rxb4 33. Nf5 Nfd7 34. Ne7 h5 35. Nd5 Rb1+ 36. Kf2 Rb2+ 37. Kg3 Nxd5 38. exd5 Nf6 39. Rxf7 Rd2 0-1

[Event "2BLO 2324 Nickelhütte Aue - SK München"]
[Site "?"]
[Date "2024.02.25"]
[Round "8.4"]
[White "Pulpan, Jakub"]
[Black "Huber, Benedikt"]
[Result "1/2-1/2"]
[WhiteElo "2382"]
[BlackElo "2262"]
[PlyCount "110"]
[EventDate "2024.??.??"]

1. e4 e5 2. Nf3 Nc6 3. Bb5 a6 4. Ba4 Nf6 5. O-O Be7 6. d3 b5 7. Bb3 d6 8. a3 O-O 9. Nc3 Na5 10. Ba2 Be6 11. b4 Bxa2 12. Rxa2 Nc6 13. Bg5 h6 14. Bxf6 Bxf6 15. Nd5 Nd4 16. c4 c6 17. Nxd4 exd4 18. Nxf6+ Qxf6 19. Rc2 a5 20. Qh5 axb4 21. axb4 Rfb8 22. g3 Ra3 23. cxb5 Rxb5 24. Qd1 Rc3 25. Rxc3 dxc3 26. Qa4 Qd4 27. Qa8+ Kh7 28. Qxc6 Qxd3 29. Rc1 Rxb4 30. Qxc3 Qxc3 31. Rxc3 Rxe4 32. Rc7 Kg6 33. Rd7 Rd4 34. Kg2 Kf6 35. h4 Ke6 36. Ra7 h5 37. Kf3 g6 38. Ra8 Rb4 39. Re8+ Kf6 40. Ra8 Rb5 41. Ra7 Rb8 42. Kf4 Re8 43. Rb7 Re7 44. Rb1 d5 45. f3 Re5 46. Ra1 Re6 47. Rd1 Rd6 48. g4 d4 49. g5+ Ke6 50. Ke4 f5+ 51. gxf6 Kxf6 52. Rxd4 Rxd4+ 53. Kxd4 Kf5 54. Ke3 Ke5 55. f4+ Kf5 1/2-1/2

[Event "2BLO 2324 Nickelhütte Aue - SK München"]
[Site "?"]
[Date "2024.02.25"]
[Round "8.6"]
[White "Spiess, Gunter"]
[Black "Leeb, Simon"]
[Result "1/2-1/2"]
[WhiteElo "2344"]
[BlackElo "2245"]
[PlyCount "33"]
[EventDate "2024.??.??"]

1. d4 d5 2. c4 c6 3. Nc3 Nf6 4. Nf3 a6 5. g3 dxc4 6. a4 e6 7. Bg2 c5 8. dxc5 Qxd1+ 9. Nxd1 Bd7 10. Ne5 Nc6 11. Nxc4 Bxc5 12. O-O Nd5 13. Nde3 Nxe3 14. Bxe3 Bxe3 15. Nxe3 Ke7 16. Nc4 Rhd8 17. Rfd1 1/2-1/2

[Event "2BLO 2324 Nickelhütte Aue - SK München"]
[Site "?"]
[Date "2024.02.25"]
[Round "8.7"]
[White "Kostic, Vladimir G"]
[Black "Wichmann, Cliff"]
[Result "1/2-1/2"]
[WhiteElo "2171"]
[BlackElo "2286"]
[PlyCount "49"]
[EventDate "2024.??.??"]

1. e4 e6 2. d4 d5 3. exd5 exd5 4. Nf3 Bd6 5. Bd3 Ne7 6. h3 O-O 7. O-O Nbc6 8. c3 Bf5 9. Re1 Re8 10. b4 Bxd3 11. Qxd3 Ng6 12. Be3 Nf4 13. Qf1 Qd7 14. Nbd2 Ne7 15. Bxf4 Bxf4 16. Nb3 b6 17. a4 Qf5 18. Ra2 Ng6 19. Rae2 Rxe2 20. Qxe2 Bd6 21. Nfd2 Rd8 22. Qf3 Qd7 23. a5 h6 24. axb6 axb6 25. Nf1 1/2-1/2

[Event "2BLO 2324 Nickelhütte Aue - SK München"]
[Site "?"]
[Date "2024.02.25"]
[Round "8.8"]
[White "Eichner, Sebastian"]
[Black "Bergauz, Avigdor"]
[Result "1/2-1/2"]
[WhiteElo "2299"]
[BlackElo "2203"]
[PlyCount "99"]
[EventDate "2024.??.??"]

1. d4 d5 2. c4 c6 3. Nc3 Nf6 4. e3 Bf5 5. Nf3 e6 6. Nh4 Be4 7. f3 Bg6 8. Qb3 Qc7 9. Bd2 Be7 10. Nxg6 hxg6 11. O-O-O dxc4 12. Bxc4 b5 13. Bd3 Rxh2 14. Kb1 Nbd7 15. e4 Qg3 16. Rxh2 Qxh2 17. Bf1 a6 18. Ne2 Qc7 19. Rc1 c5 20. dxc5 Bxc5 21. Nf4 Qb6 22. a4 bxa4 23. Qxa4 Rb8 24. Rc2 Bd4 25. Qxa6 Qxa6 26. Bxa6 Nc5 27. Ne2 Bf2 28. Bc4 Ke7 29. Nc1 Bd4 30. Nd3 Nfd7 31. Bc3 Bxc3 32. Rxc3 Nxd3 33. Bxd3 g5 34. Rc7 Kd6 35. Rc1 Ne5 36. Bf1 Nc6 37. Rd1+ Ke5 38. Rd7 Nd8 39. g3 g4 40. Be2 gxf3 41. Bxf3 Kf6 42. Rc7 Rb3 43. Rc3 Rxc3 44. bxc3 Ke5 45. Kc2 Nb7 46. Kd3 Na5 47. Bh5 f6 48. Bd1 Nb7 49. Bf3 Na5 50. Bd1 1/2-1/2

[Event "2BLO 2324 SK Göggingen - SC Bavaria Reg"]
[Site "?"]
[Date "2024.02.25"]
[Round "8.1"]
[White "Stocek, Jiri"]
[Black "Postny, Evgeny"]
[Result "0-1"]
[WhiteElo "2548"]
[BlackElo "2597"]
[PlyCount "80"]
[EventDate "2024.??.??"]

1. d4 d5 2. Nf3 Nf6 3. c4 e6 4. Nc3 Be7 5. Bg5 h6 6. Bh4 O-O 7. e3 b6 8. Bd3 dxc4 9. Bxc4 Bb7 10. O-O a6 11. a4 Nbd7 12. Qe2 c5 13. Rfd1 Qe8 14. Bg3 cxd4 15. exd4 Bb4 16. Rac1 Qe7 17. Ne5 Rfc8 18. Bh4 Qd6 19. Na2 Nd5 20. Qg4 N5f6 21. Qh3 a5 22. f4 Bd5 23. Bxd5 Nxd5 24. Qf3 Rxc1 25. Nxc1 Nxe5 26. fxe5 Qc6 27. Rf1 Ra7 28. Ne2 Qxa4 29. Nf4 Nxf4 30. Qxf4 Rd7 31. Qf3 Qc2 32. Qa8+ Kh7 33. Bf2 Qxb2 34. Qe4+ Kg8 35. Qa8+ Bf8 36. Qe8 Rc7 37. Be3 Qc3 38. Bf2 Qc6 39. Qd8 Rc8 40. Qh4 b5 0-1

[Event "2BLO 2324 SK Göggingen - SC Bavaria Reg"]
[Site "?"]
[Date "2024.02.25"]
[Round "8.2"]
[White "Braeuer, Franz"]
[Black "Kaczur, Florian"]
[Result "0-1"]
[WhiteElo "2424"]
[BlackElo "2506"]
[PlyCount "80"]
[EventDate "2024.??.??"]

1. e4 e6 2. d4 d5 3. Nd2 c5 4. exd5 Qxd5 5. Ngf3 cxd4 6. Bc4 Qd7 7. O-O Nc6 8. Nb3 a6 9. a4 Nf6 10. Qe2 Bd6 11. Rd1 e5 12. Nbxd4 Nxd4 13. Rxd4 Qe7 14. Rxd6 Qxd6 15. b3 Be6 16. Ba3 Qc7 17. Nxe5 O-O-O 18. Bxe6+ fxe6 19. Nc4 e5 20. Bb2 Rhe8 21. Bxe5 Qc5 22. Qe3 Qxe3 23. fxe3 Kd7 24. a5 Ke6 25. Bd4 Ne4 26. Ra4 Rd5 27. Nb2 Rc8 28. c4 Rf5 29. Nd3 Nd2 30. Nf4+ Kd7 31. Bxg7 Nxb3 32. Nd5 Nd2 33. h4 Kd6 34. Ra1 Rxc4 35. Nb6 Rg4 36. e4 Rf7 37. e5+ Ke6 38. Bf6 Nf3+ 39. Kh1 Rxf6 40. exf6 Rxh4# 0-1

[Event "2BLO 2324 SK Göggingen - SC Bavaria Reg"]
[Site "?"]
[Date "2024.02.25"]
[Round "8.3"]
[White "Pezelj, Novak"]
[Black "Prusikin, Michael"]
[Result "1/2-1/2"]
[WhiteElo "2482"]
[BlackElo "2502"]
[PlyCount "28"]
[EventDate "2024.??.??"]

1. e4 e6 2. d4 d5 3. Nc3 Nf6 4. exd5 exd5 5. Nf3 Bf5 6. Bd3 Bxd3 7. Qxd3 c6 8. O-O Be7 9. Re1 O-O 10. Bg5 Nbd7 11. Re2 Bb4 12. Ne5 Qa5 13. Nxd7 Nxd7 14. Nd1 Rfe8 1/2-1/2

[Event "2BLO 2324 SK Göggingen - SC Bavaria Reg"]
[Site "?"]
[Date "2024.02.25"]
[Round "8.4"]
[White "Wegener, Olaf"]
[Black "Schneider, Jana"]
[Result "1-0"]
[WhiteElo "2396"]
[BlackElo "2320"]
[PlyCount "101"]
[EventDate "2024.??.??"]

1. e4 e5 2. Nf3 Nc6 3. Bb5 a6 4. Ba4 Nf6 5. O-O Be7 6. Re1 b5 7. Bb3 O-O 8. h3 Bb7 9. d3 d5 10. exd5 Nxd5 11. Nxe5 Nxe5 12. Rxe5 Qd6 13. Re1 Rae8 14. Nd2 c5 15. Ne4 Qc6 16. c4 Nb6 17. f3 Bh4 18. Rf1 Kh8 19. a4 bxc4 20. dxc4 Rd8 21. Qc2 f5 22. Nc3 Qe6 23. a5 Nd7 24. Bf4 Nb8 25. Qe2 Qxe2 26. Nxe2 Nc6 27. Nc3 Bf6 28. Be3 Rfe8 29. Bxc5 Rd2 30. Rf2 Rxb2 31. Rxb2 Bxc3 32. Rba2 Bxa1 33. Rxa1 Re2 34. Bb6 Rb2 35. Ba4 Kg8 36. Rd1 Rb4 37. Bc2 Ne5 38. Bxf5 Kf7 39. Bd4 Nxc4 40. Bc3 Rb5 41. Bxh7 g6 42. Rd7+ Ke6 43. Rg7 Bd5 44. Rxg6+ Kd7 45. Rxa6 Ne3 46. Bd4 Nc4 47. Ra7+ Kd6 48. a6 Ra5 49. Rg7 Ra2 50. a7 Nd2 51. Bg8 1-0